000 01345cam a22003131i 4500
003 SA-RiAUC
005 20250803064125.0
008 250724s1997 su f b f000 0 ara c
020 _a9960032485
040 _aSA-JeALM
_bara
_cSA-RiAUC
_erda
043 _aa-iq---
050 4 _bM38 1997
082 0 4 _a956.7
090 _a956.7
_bم ع ت
100 1 _aمعتوق، رشاد عباس حسين،
_d1370-1436 هجري
_eمؤلف.
245 1 2 _aالحياة العلمية في العراق خلال العصر البويهي 334-447 هـ / 945-1055 م /
_cرشاد بن عباس معتوق.
264 1 _aمكة المكرمة :
_bجامعة أم القرى،
_c1997
300 _a447 صفحة ؛
_c24 سم.
336 _aنص
_btxt
_2rdacontent
_3كتاب
337 _aبدون وسيط
_bn
_2rdamedia
338 _aمجلد
_bnc
_2rdacarrier
490 0 _aسلسلة الرسائل العلمية الموصى بطبعها / جامعة أم القرى (مكة المكرمة) ؛
_v15
504 _aيشتمل على إرجاعات ببليوجرافية.
650 7 _aالعلوم عند العرب
_2aucsh
650 7 _aالعلوم
_zالعراق
_xتاريخ
_2aucsh
651 7 _aالعراق
_xتاريخ
_yالعصر البويهي، 945-1055
_2aucsh
942 _2ddc
_cBOOK
_n0
949 _aSA-JeALM
_d250724
_uosman123
_n1
999 _c10483
_d10483